1569 1518 1190 1073 1683 1635 1906 1160 1644 1158 1330 1643 1453 1098 1966 1146 1032 1615 1774 1426 1686 1661 1806 1353 1930 1969 1703 1460 1962 1651 1634 1462 1461 1890 1764 1692 1377 1041 1174 1633 1907 1363 1213 1765 1381 1102 1211 1683 1641 1907 1889 1855 1952 1448 1290 1230 1683 1806 1416 1071 1986 1814 1738 1869 1069 1784 1374 1224 1534 1452 1754 1021 1275 1332 1397 1490 1577 1579 1801 1695 1223 1829 1117 1925 1725 1476 1058 1916 1325 1025 1651 1104 1819 1544 1131 1489 1717 1954 1370 BCNSPRNW ULIB Ver.6.0+V

เปลี่ยนเป็นภาษาไทย

Change to English
 แสดงรายละเอียดบรรณานุกรม
  กลับหน้าหลัก

Brief Record : Get Marc (ISO 2709) : E-mail record : QR code < ปิดหน้าต่าง
LEADER : 00000nam 2200000uu 4500
001    13399114472
003     ULIB
008    120404s2552||||th 000 0 tha d
020    ^a9786160600793
090    ^aนว.^bจ757F 2552
100 0  ^aเจ้าหญิงผู้เลอโฉม
245 00 ^aFake หลอกรักลวงหัวใจยัยตัวร้าย/^cเจ้าหญิงผู้เลอโฉม
250    ^aพิมพ์ครั้งที่ 1
260    ^aกรุงเทพฯ :^bแจ่มใส,^c2552
300    ^a261 หน้า
710 1  ^aแจ่มใส
945    ^p189^l0^i16424
995    ^aกัณชพร
999    ^aใช้งานได้ทุกระบบ
รายการนี้ยังไม่มีแท็ก
คุณยังไม่ได้ล็อกอิน คุณสามารถมีกิจกรรมร่วมกับเว็บไซต์ได้ แต่ต้องล็อกอินก่อน ::
  ล็อกอิน

รายการสื่อสารสนเทศ

ลำดับที่ ประเภท เลขเรียก/บาร์โค้ด สถานที่ สถานะ
1. นวนิยาย
นวนิยาย
นว. จ757F 2552  
  Barcode: 16424
ห้องสมุดวิทยาเขตสวรรค์ประชารักษ์
►นวนิยาย
บนชั้น
  ขอยืม

รายการใกล้เคียง
    ผู้แต่ง [เจ้าหญิงผู้เลอโฉม]

BibComment


ยังไม่เคยถูกคอมเมนท์

คอมเมนท์ทรัพยากรรายการนี้
  คอมเมนท์: Fake หลอกรักลวงห..


 Copyright 2026. Bcnsprnw @Library